| 000 | 00479nam a22001697a 4500 | ||
|---|---|---|---|
| 003 | OSt | ||
| 005 | 20130619105247.0 | ||
| 008 | 130619s1999 sp ||||| |||| 00| 0bspa d | ||
| 020 | _a8477651698 | ||
| 040 | _cCDMR | ||
| 100 | 1 |
_93834 _aBosworth, Patricia |
|
| 245 | 1 | 0 |
_aDiane Arbus _b: una biografía _cPatricia Bosworth ; traducción de Beatriz López-Buisán |
| 260 |
_aBarcelona _bCirce _c1999 |
||
| 300 | _a352 p. | ||
| 600 | 1 |
_93833 _aArbus, Diane _d1923-1971 |
|
| 942 |
_2udc _cMON |
||
| 999 |
_c6493 _d6493 |
||